Reforma electoral i coordenades polítiques : els condicionants de la normativa electoral a Espanya i a Catalunya / Josep Ma. Vallès els condicionants de la normativa electoral a Espanya i a Catalunya / Josep Ma. Vallès

por Vallès, Josep M. (Josep Maria), 1940-

ISBN: 84-85557-08-5
Publicado: Barcelona : Fundació Jaume Bofill , 1982
Descripción Física: 69 p. : quadres ; 23 cm

MARC

LEADER 00000nam a2200000Ia 4500
001 18746
008 160829s1982 xx 000 0 cat d
020 |a 84-85557-08-5 
080 |a D-3-151 
100 |a Vallès, Josep M.  |q (Josep Maria),  |d 1940-  |9 17155 
245 |a Reforma electoral i coordenades polítiques :  |b  els condicionants de la normativa electoral a Espanya i a Catalunya / Josep Ma. Vallès 
260 |a Barcelona :  |b Fundació Jaume Bofill,  |c 1982 
300 |a 69 p. :  |b  quadres ;  |c 23 cm 
490 |a Estudis Electorals ; 6 
590 |a Textos en català i castellà 
650 |a Dret electoral  |x Catalunya   |9 43763 
650 |a Dret electoral  |x Espanya   |9 43764 
650 |a Representació proporcional  |x Espanya I  |9 43765 
650 |a Representació proporcional  |x Catalunya  |9 43766 
901 |a Arxiu 
942 |n 1 
952 |0 1  |1 0  |2 udc  |4 0  |5 2  |6 D3151  |7 1  |9 51611  |a Arxiu  |b Arxiu  |d 2016-12-01  |l 0  |o D-3-151  |p 18746  |r 2016-12-01 00:00:00  |w 2016-12-01  |y ARXIU 
999 |c 55456  |d 55456